000 00289pab a2200109 454500
008 180718b xxu||||| |||| 00| 0 eng d
100 _aRivlin, Alice M
245 _aA new vision of American federalism
650 _aFederalism - U.S.A
773 _aPublic Administration Review
909 _a22167
999 _c22167
_d22167